书目信息 |
| 书名: | The E-Myth Enterprise | |
| 作者: | Michael E. Gerber | |
| 分册号: | ||
| 分册名: | 出版地: | NEW YORK |
|
| 出版社: | HarperBusiness | |
| 出版时间: | 2009 | |
| 页数: | 199P | |
| 开本: | 24CM | |
| 丛书名: | ||
| 中图分类号: | ||
| 科图分类号: | ||
| 其他分类号: | C933 | |
| 主题词: | ||
| 电子资源: | ||
| 000 | 00446nam0 2200145 450 | |
| 001 | 202012001421 | |
| 005 | 20121109095506.0 | |
| 008 | 12110901s | |
| 020 | @a9780061733697@bHARD@c$21.99 | |
| 099 | @dC933@eM6212 | |
| 245 | 10 | @aThe E-Myth Enterprise@bHow to Turn A Great Idea Into a Thriving Business @c Michael E. Gerber |
| 260 | 0 | @aNEW YORK@bHarperBusiness@c2009 |
| 300 | @a199P@c24CM | |
| 905 | @b10689 | |
| 905 | @aTSG@dC933@eM6212 | |
| The E-Myth Enterprise : How to Turn A Great Idea Into a Thriving Business / Michael E. Gerber.-NEW YORK : HarperBusiness , 2009 |
| 199P ; 24CM |
| ISBN 9780061733697HARD$21.99 |
| ● |
| 相关链接 |
|
|
|
正题名:The E-Myth Enterprise
索取号:C933/M6212
 
预约/预借
| 序号 | 登录号 | 条形码 | 馆藏地/架位号 | 状态 | 备注 |
| 1 | 10689 | 300106891 | 社科库509/509社科库 132排2列2层/ [索取号:C933/M6212] | 在馆 |